banner koha

Produtividade de alface com doses de esterco de frango, bovino e ovino em cultivos sucessivos (Registro n. 230215)

MARC details
000 -LÍDER
campo de controle de tamanho fixo 01027nas a2200313 4500
001 - NÚMERO DE CONTROLE
campo de controle BR2013005874
003 - IDENTIFICADOR DO NÚMERO DE CONTROLE
campo de controle BR-BrBNA
005 - DATA E HORÁRIO DA ÚLTIMA TRANSAÇÃO
campo de controle 20231205122728.0
007 - CAMPO FIXO DE DESCRIÇÃO FÍSICA--INFORMAÇÃO GERAL
campo de controle de tamanho fixo ta
008 - CAMPO DE DADOS FIXOS--INFORMAÇÃO GERAL
campo de controle de tamanho fixo 230509b bl.|||p| |||| 00| 00por d
040 ## - FONTE DA CATALOGAÇÃO
Instituição da catalogação original BR-BrBNA
Idioma da catalogação por
Instituição que transcreveu o registro Biblioteca Nacional de Agricultura
041 ## - CÓDIGO DE IDIOMA
Código do idioma do texto/trilha sonora ou título diferente (Pt)
072 ## - CÓDIGO DE CATEGORIA DE ASSUNTO
Código de Categoria de Assunto F04; Q70
100 1# - ENTRADA PRINCIPAL--NOME PESSOAL
Nome pessoal Peixoto Filho, J.U.
100 1# - ENTRADA PRINCIPAL--NOME PESSOAL
Nome pessoal Freire, M.B.G. dos S.
100 1# - ENTRADA PRINCIPAL--NOME PESSOAL
Nome pessoal Freire, F.J.
100 1# - ENTRADA PRINCIPAL--NOME PESSOAL
Nome pessoal Miranda, M.F.A.
100 1# - ENTRADA PRINCIPAL--NOME PESSOAL
Nome pessoal Pessoa, L.G.M.
100 1# - ENTRADA PRINCIPAL--NOME PESSOAL
Nome pessoal Kamimura, K.M.
245 1# - TÍTULO
Título Produtividade de alface com doses de esterco de frango, bovino e ovino em cultivos sucessivos
650 ## - ASSUNTO--TERMO TÓPICO
Cabeçalho tópico ou nome geográfico LACTUCA SATIVA
650 ## - ASSUNTO--TERMO TÓPICO
Cabeçalho tópico ou nome geográfico ADUBO ORGÂNICO
650 ## - ASSUNTO--TERMO TÓPICO
Cabeçalho tópico ou nome geográfico RESÍDUO ORGÂNICO
650 ## - ASSUNTO--TERMO TÓPICO
Cabeçalho tópico ou nome geográfico NITROGÊNIO
773 0# - ENTRADA ANALÍTICA
Título Revista Brasileira de Engenharia Agrícola e Ambiental (Brazil)
ISSN - International Standard Serial Number ISSN 1807-1929
Partes relacionadas (Apr 2013), v. 17(4) p. 419-424
Número de controle do registro BR2013005874
856 40 - LOCALIZAÇÃO ELETRÔNICA E ACESSO
Uniform Resource Identifier <a href="http://www.scielo.br/pdf/rbeaa/v17n4/a10v17n4.pdf">http://www.scielo.br/pdf/rbeaa/v17n4/a10v17n4.pdf</a>
909 ## -
-- 202311
-- Lúcia
-- 55
-- Lúcia Elande
942 ## - ELEMENTOS DE ENTRADA ADICIONADOS (KOHA)
Fonte da classificação ou esquema de arquivamento na estante Classificação AGRIS
Ocultar no OPAC Não
Tipo de material Koha Analítica
Exemplares
Situação do descarte Fonte da classificação ou esquema de arquivamento na estante Situação física Não pode ser emprestado Biblioteca de origem Biblioteca atual Localização na estante Enumeração do periódico / cronologia Total de empréstimos Data de último acesso Número do exemplar Tipo de material Koha Fonte de aquisição
  Classificação AGRIS   Consulta local Biblioteca Nacional de Agricultura - Binagri Biblioteca Nacional de Agricultura - Binagri   (Apr 2013), v. 17(4) p. 419-424   29/11/2023 01 Periódicos Portaria Interministerial nº 164/94

BINAGRI

Telefone: (61)3218-2567/2388/3357/2097 - binagri@agro.gov.br

Ministério da Agricultura e Pecuária , Esplanada dos Ministérios, Bloco D, Anexo B, Brasília/DF, CEP: 70.043-900